00525nam a2200181Ia 450000500170000000800460001703700120006304000200007504100130009508400230010810000230013124500200015426000090017430000100018394200230019399900210021695201060023720250508162615.0008 250505s9999 xx 000 0 hin d aTextual aFEDLbengcFEDL ahin2eng a891.432, KALqFEDL aKalra Yash9712826 0aSahar karib hai c1984 a128p. cTEXLh891.432, KAL c1377611d1377611 00104070aFEDLbFEDLd2025-05-08l0o891.432, KALpEL0070104r2025-05-08 16:26:15w2025-05-08yTEXL